000 00413cam a22001337a 4500
008 180718b1953 xxu||||| |||| 00| 0 eng d
082 _aR8x73 Sa99
100 _aSayles, Leonard R.
245 _aLocal union: its place in the industrial plant
_cby Leonard R. Sayles and George Strauss
260 _aNew York
_bHarper
_c1953
300 _a269p.
650 _aLabor unions --United States
700 _aStrauss, George
999 _c434952
_d434952